[Event "Baden-Baden"]
[Site "Baden-Baden"]
[Date "1992.12.06"]
[Round "2"]
[White "Huebner, Robert"]
[Black "Karpov, Anatoly"]
[Result "0-1"]
[WhiteElo "2630"]
[BlackElo "2715"]
[Annotator "Ribli,Z"]
[PlyCount "122"]
[EventDate "1992.12.??"]
[EventType "tourn"]
[EventRounds "11"]
[EventCountry "GER"]
[EventCategory "14"]
[SourceTitle "CBM 033"]
[Source "ChessBase"]
[SourceDate "1993.04.01"]
[SourceVersion "1"]
[SourceVersionDate "1993.04.01"]
[SourceQuality "1"]

1. c4 e5 2. Nc3 Nf6 3. g3 Bb4 4. Nf3 e4 5. Nd4 Nc6 6. Nc2 Bxc3 7. bxc3 (7. dxc3
h6 8. Be3 Qe7 9. Bg2 d6 10. Nb4 Nxb4 11. cxb4 O-O 12. Qd4 Re8 13. h3 b6 14.
O-O-O Bb7 15. Kb1 Nd7 $10 {Larsen,B-Petrosian,T Milano 1975 20/53}) 7... O-O 8.
Bg2 Re8 9. O-O d6 10. Ne3 {-> A 29} Bd7 $5 (10... Ne5 11. d3 exd3 12. exd3 c6
13. Rb1 Qa5 14. Qc2 Ned7 15. Re1 Nb6 16. Bd2 Be6 $10 {Tal-Holmov Tbilisi 1969})
11. Qc2 Na5 $1 12. d3 Bc6 13. Bd2 Qd7 14. Rae1 b6 $15 15. f3 exd3 16. exd3 h5 (
16... h6 17. g4 {/\ Sf5}) 17. Rf2 Re7 18. Rfe2 Rae8 19. Bc1 Bb7 20. Nd1 d5 $1
21. cxd5 Nxd5 22. Re4 Nf6 23. Rxe7 Rxe7 24. Rxe7 Qxe7 25. Kf1 Nc6 26. Qe2 Qd7
27. Nf2 Qf5 28. Bf4 Qc5 29. Nd1 Ba6 30. c4 (30. Bxc7 Nd5 31. Qe8+ Kh7 32. Qe4+
g6 $17) 30... Nb4 31. Be3 Qc6 {/\ Sxd3} 32. Kg1 Qd7 {>< d3} 33. Bf1 c5 34. Nc3
Nc6 35. Ne4 Qf5 36. Bg2 Nxe4 37. fxe4 Qe5 $17 38. Bf4 Qd4+ 39. Be3 Qa1+ 40. Bf1
g6 41. g4 hxg4 42. Qxg4 Ne5 43. Qe2 b5 $1 44. Bxc5 bxc4 45. dxc4 (45. d4 Nd3
$19 {/\ c3}) 45... Bxc4 46. Qf2 Ng4 47. Qf4 Bxf1 48. Qxf1 Qxa2 $19 49. Qf4 Qb1+
50. Kg2 Qc2+ 51. Kh3 Qxc5 52. Kxg4 Qd4 53. Kf3 a5 54. Qc7 a4 55. Qa5 Qd3+ 56.
Kf4 a3 57. h4 Qh3 58. Ke5 Qe6+ 59. Kd4 a2 60. h5 Qf6+ 61. e5 Qf2+ 0-1

[Event "Tilburg"]
[Site "Tilburg"]
[Date "1993.??.??"]
[Round "2"]
[White "Timman, Jan H"]
[Black "Petursson, Margeir"]
[Result "1-0"]
[WhiteElo "2620"]
[BlackElo "2560"]
[Annotator "Ribli,Z"]
[PlyCount "91"]
[EventDate "1993.11.??"]
[EventType "k.o."]
[EventRounds "7"]
[EventCountry "NED"]
[SourceTitle "CBM 039"]
[Source "ChessBase"]
[SourceDate "1994.04.01"]
[SourceVersion "1"]
[SourceVersionDate "1994.04.01"]
[SourceQuality "1"]

1. c4 e5 2. Nc3 Nf6 3. Nf3 Nc6 4. g3 d5 5. cxd5 Nxd5 6. Bg2 Nb6 7. O-O Be7 8.
a3 O-O 9. b4 Re8 10. d3 Bf8 11. Bb2 Bg4 12. h3 Be6 (12... Bh5 $5 13. Ne4 {
Bischoff,K-De Boer,GJ/Groningen op/1990/CBM22/} (13. Rc1 Qd7 $5 $13 {
Rausis-Altermann,B/Corfu/1993/INF58,(48)/})) 13. Ne4 f6 14. Qc2 Qd7 15. Kh2 a5
16. b5 (16. Nc5 Bxc5 17. bxc5 Nd5 18. Rfd1 $14) 16... Nd4 17. Nxd4 exd4 18. Nd2
$1 Bd5 19. Nf3 Qxb5 20. Nxd4 Qc5 (20... Qd7 21. e4 Bf7 22. Nf5 $36) 21. Bxd5+
Nxd5 (21... Qxd5 $2 22. Qxc7 Bc5 23. e4 $1 Qd6 24. Qxd6 Bxd6 25. Nb5 $18) 22.
Qb3 a4 23. Qa2 f5 (23... Kh8 24. Rac1 Qa5 25. e4 Ne7 26. Ne6 $16) 24. Rac1 Qa5
25. Bc3 $1 Qc5 26. Ba1 Qd6 27. Nxf5 Qe6 28. Nd4 Qf7 29. e4 c5 (29... Nb6 30.
Qxf7+ Kxf7 31. Rxc7+ $18) 30. Nb5 Ra5 31. Rb1 Nb4 32. Qxf7+ Kxf7 33. axb4 Rxb5
34. bxc5 Rxb1 35. Rxb1 Bxc5 36. Rxb7+ Re7 37. Rxe7+ Kxe7 38. Kg2 Kd7 (38... Ba3
39. Kf3 Bc1 40. Ke2 a3 41. Kd1 Bb2 42. Bxb2 axb2 43. Kc2 $18) 39. Kf1 Kc6 40.
Ke2 Kb5 41. d4 Bf8 42. Kd3 Kb4 43. d5 a3 44. f4 a2 45. f5 Kb3 46. e5 1-0

[Event "USA-ch"]
[Site "USA"]
[Date "1989.??.??"]
[Round "3"]
[White "Gulko, Boris F"]
[Black "Seirawan, Yasser"]
[Result "1-0"]
[WhiteElo "2610"]
[BlackElo "2585"]
[Annotator "Ribli,Z"]
[PlyCount "67"]
[EventDate "1989.11.??"]
[EventType "tourn"]
[EventRounds "15"]
[EventCountry "USA"]
[EventCategory "12"]
[SourceTitle "CBM 019"]
[Source "ChessBase"]
[SourceDate "1990.12.01"]
[SourceVersion "1"]
[SourceVersionDate "1990.12.01"]
[SourceQuality "1"]

1. c4 e5 2. Nc3 Nf6 3. Nf3 Nc6 4. g3 d5 5. cxd5 Nxd5 6. Bg2 Nb6 7. O-O Be7 8.
a3 O-O 9. b4 Be6 10. Rb1 a6 11. d3 f6 (11... Qc8 12. Bb2 (12. Be3 Nd5 13. Nxd5
Bxd5 14. Qc2 Qd7 15. Bc5 Rfe8 16. e4 Be6 17. a4 Bxc5 18. Qxc5 f6 19. b5 axb5
20. axb5 Na5 $13 {Christiansen,L-Huebner,R Deutschland Cup 1989 CBM 16}) 12...
Rd8 13. Qc1 Bh3 14. Ne4 Bxg2 15. Kxg2 Qe6 16. Ba1 Nd7 17. Qc2 h6 18. Rfc1 g5
19. h3 f5 {Huebner-Vaganian Linares 1985 39/45} 20. Ned2 $14) 12. Ne4 $1 Ba2
13. Rb2 Bd5 14. Nc5 Rb8 15. e4 Bf7 16. Be3 (16. Nb3 Na4 $1 17. Rd2) 16... Nd7
17. Qc2 (17. Nb3 $5) 17... Nxc5 18. bxc5 Qd7 19. Rfb1 b5 20. cxb6 Bxa3 21. Rb3
Bd6 22. Rc3 Nb4 23. Rxc7 Bxc7 24. Qxc7 Qb5 (24... Qxd3 $1 25. Rxb4 a5 26. Bf1
Qd1 27. Rb2 Rfc8 28. Qe7 Qxf3 29. b7 Rd8 30. Ba7 Rd1 31. Bxb8 Rxf1+ 32. Kxf1
Bc4+ 33. Ke1 Qxe4+ 34. Kd2 Qd3+ 35. Kc1 Qf1+ $10 {Gulko}) 25. Bh3 $1 a5 26. Ne1
Qa6 27. Ra1 Rfd8 28. Bc5 Nxd3 29. Rd1 $1 Bc4 30. Nxd3 Bxd3 31. Bf1 Rbc8 32.
Bxd3 Rxd3 33. Rxd3 Rxc7 34. Rd8+ {Ribli} 1-0

[Event "Tilburg"]
[Site "Tilburg"]
[Date "1993.??.??"]
[Round "1"]
[White "Kortschnoj, Viktor Lvovich"]
[Black "Stohl, Igor"]
[Result "1-0"]
[WhiteElo "2625"]
[BlackElo "2545"]
[Annotator "Ribli,Z"]
[PlyCount "87"]
[EventDate "1993.11.??"]
[EventType "k.o."]
[EventRounds "7"]
[EventCountry "NED"]
[SourceTitle "CBM 039"]
[Source "ChessBase"]
[SourceDate "1994.04.01"]
[SourceVersion "1"]
[SourceVersionDate "1994.04.01"]
[SourceQuality "1"]

1. c4 e5 2. Nc3 Nf6 3. Nf3 Nc6 4. g3 d5 5. cxd5 Nxd5 6. Bg2 Nb6 7. O-O Be7 8.
Rb1 f6 9. d3 Be6 10. a3 O-O 11. b4 Nd4 12. Ne1 $5 (12. Be3 $5 {Seirawan,
Y-Gurevich,M/Biel izt/1993/CBM37/INF58,46/}) (12. Nxd4 exd4 13. Ne4 Bd5 14. Bb2
f5 15. Nd2 Bxg2 $10) (12. Nd2 c6 13. Nde4 Rf7 14. Bd2 Nd5 15. e3 Nxc3 16. Bxc3
Nb5 $10) 12... Nd5 (12... c6 $5) 13. Bb2 Nxc3 (13... c6 $5) 14. Bxc3 c6 15. a4
Qd7 16. e3 Nf5 17. Nf3 Rfd8 18. d4 $1 exd4 19. Nxd4 Nxd4 20. Bxd4 $14 Bd5 21.
Qc2 Bxg2 22. Kxg2 Qe6 23. Bc5 Rd5 24. Rfd1 Bxc5 (24... Rad8 25. Rxd5 (25. Bxa7
Rxd1 26. Rxd1 Rxd1 27. Qxd1 Qe4+) 25... Qxd5+ 26. e4 Qe6 27. Bxa7 $16) 25. bxc5
Rad8 26. Rxd5 Qxd5+ 27. e4 Qf7 28. a5 $1 h6 (28... a6 $5) 29. Qb3 Rd7 30. Kf3
$1 f5 31. exf5 Rd5 (31... Qxb3+ 32. Rxb3 Rd5 33. g4 Rxc5 34. Rxb7 $16) 32. g4
Qe7 33. Qe3 $1 Qxc5 34. Rxb7 Qxe3+ 35. fxe3 Rxa5 36. Kf4 a6 37. h4 c5 38. g5
hxg5+ 39. hxg5 Rb5 40. Rc7 a5 41. e4 a4 42. Rc8+ (42. g6) 42... Kf7 43. g6+ Ke7
44. e5 1-0

[Event "URS-sf Russia-ch"]
[Site "Gorky"]
[Date "1989.??.??"]
[Round "?"]
[White "Utemov, Vladimir"]
[Black "Tunik, Gennady"]
[Result "0-1"]
[WhiteElo "2405"]
[BlackElo "2470"]
[Annotator "Ribli,Z"]
[PlyCount "48"]
[EventDate "1989.11.??"]
[EventType "tourn"]
[EventRounds "13"]
[EventCountry "URS"]
[EventCategory "7"]
[SourceTitle "CBM 016"]
[Source "ChessBase"]
[SourceDate "1990.06.01"]
[SourceVersion "1"]
[SourceVersionDate "1990.06.01"]
[SourceQuality "1"]

1. c4 e5 2. Nc3 Nf6 3. Nf3 Nc6 4. g3 d5 5. cxd5 Nxd5 6. Bg2 Nb6 7. O-O Be7 8.
a3 O-O 9. b4 Be6 10. Rb1 f6 11. Ne4 Ba2 12. Rb2 Bd5 13. Nc5 e4 $1 (13... Rb8 $6
14. e4 Bf7 15. d3 {15.Qc2! +/= Portisch} Nd7 16. Nb3 a5 17. b5 Na7 18. a4 Ba3
19. Rb1 Bxc1 20. Rxc1 c6 21. bxc6 Nxc6 {21...bxc6?! 22.Nfd2 +/= 
Portisch-Timman Antwerpen cq (3) 1989 47/39 CBM/11} 22. d4 {Tunik,G-Yakovich,Y
Sochi-B 1989 CBM/16}) 14. Ne1 Nc4 15. Rb1 Bxc5 16. bxc5 b6 17. Nc2 {17.d3!? 
Suba,M-Thorsteins  New York 1989 47/40 CBM/12} Re8 18. Bb2 bxc5 19. Bc3 Qd6 20.
d3 exd3 21. Qxd3 Bxg2 22. Qxc4+ Bd5 23. Qd3 Qe6 24. Rbe1 Rad8 0-1

[Event "Taastrup"]
[Site "Taastrup"]
[Date "1992.??.??"]
[Round "?"]
[White "Hansen, Curt"]
[Black "Romanishin, Oleg M"]
[Result "1/2-1/2"]
[WhiteElo "2620"]
[BlackElo "2595"]
[Annotator "Ribli,Z"]
[PlyCount "62"]
[EventDate "1992.02.??"]
[EventType "tourn"]
[EventRounds "9"]
[EventCountry "DEN"]
[EventCategory "13"]
[SourceTitle "CBM 028"]
[Source "ChessBase"]
[SourceDate "1992.06.01"]
[SourceVersion "1"]
[SourceVersionDate "1992.06.01"]
[SourceQuality "1"]

1. c4 e5 2. Nc3 Nf6 3. Nf3 Nc6 4. g3 d5 5. cxd5 Nxd5 6. Bg2 Nb6 7. O-O Be7 8.
a3 Be6 9. d3 O-O 10. b4 a5 $5 (10... Nd4 11. Bb2 Nxf3+ 12. Bxf3 c6 13. Ne4 Nd7
14. Qc2 Bd5 $10 {Salov,V-Khalifman,A Reykjavik WCup 1991 CBM/26 52(38)}) 11. b5
Nd4 12. Nd2 (12. Rb1 Nd5 $1 13. Na4 Qe8 14. Nxd4 exd4 15. Bb2 Rd8 $10 {
Azmayparashvili,Z-Romanishin,O Erevan 1989 CBM/14}) 12... c6 13. bxc6 (13. a4
cxb5 $1 14. Nxb5 Nxb5 15. axb5 Qd7 $13 {Miles}) 13... Nxc6 $1 14. a4 Qd7 15.
Nf3 Rac8 16. Rb1 Bb4 17. Bd2 f6 $10 18. Nb5 Rfd8 19. Bxb4 axb4 (19... Nxb4 $5)
20. Nd2 Qe7 21. Rc1 Na5 22. Rxc8 Rxc8 23. d4 Rd8 24. Qa1 Nbc4 25. Nxc4 Bxc4 26.
Rc1 $5 (26. dxe5 Qxe5 $15) 26... Nb3 27. Qa2 Qf7 28. d5 $1 Bxd5 29. Bxd5 Qxd5
30. Rb1 Nd4 31. Qxd5+ Rxd5 1/2-1/2

[Event "EU-Cup 18th"]
[Site "Kallithea"]
[Date "2002.09.28"]
[Round "7.4"]
[White "Malakhov, Vladimir"]
[Black "Bacrot, Etienne"]
[Result "1-0"]
[WhiteElo "2668"]
[BlackElo "2653"]
[Annotator "Ribli,Z"]
[PlyCount "73"]
[EventDate "2002.09.22"]
[EventType "team-swiss"]
[EventRounds "7"]
[EventCountry "GRE"]
[SourceTitle "CBM 092"]
[Source "ChessBase"]
[SourceDate "2003.02.06"]
[SourceVersion "1"]
[SourceVersionDate "2003.02.06"]
[SourceQuality "1"]
[WhiteTeam "Norilsk Nikel"]
[BlackTeam "Paris NAO"]
[WhiteTeamCountry "RUS"]
[BlackTeamCountry "FRA"]

1. c4 Nf6 2. Nc3 e5 3. Nf3 Nc6 4. g3 g6 {Dieser Zug ist ein seltener Gast in
der Turnierpraxis, aber der junge franzoesische Grossmeister spielt diese
Fortsetzung gern.} 5. Bg2 (5. d4 $5 exd4 6. Nxd4) 5... Bg7 6. O-O O-O 7. d4
exd4 8. Nxd4 Re8 (8... Nxd4 9. Qxd4 d6 10. Rd1 $14 (10. Qd2 Be6 $1 11. Bxb7 Rb8
12. Bg2 Bxc4 13. b3 Nd5 14. Bxd5 Bxd5 15. Qxd5 Bxc3 16. Rb1 Qd7 $11)) 9. Nc2 {
[%csl Yd5][%cal Gc2e3,Ge3d5] Weiss moechte die Figuren auf dem Brett behalten.
Der Springer kann im folgenden über e3 nach d5 gehen.} (9. e3) 9... d6 10. e4 {
Das ist die beste Fortsetzung fuer Weiss - auf diese Weise Weiss verstaerkt er
seine Kontrolle ueber das Feld-d5 und verhindert die Moeglichkeit Bf5-Ne4.} (
10. b3 Bf5 11. Bb2 (11. Rb1 a5 12. Re1 Ne4 13. Nxe4 Bxe4 14. f3 Bxc2 15. Qxc2
Bd4+ 16. e3 Qg5 $1 17. f4 Qc5 18. Qf2 Qf5 19. Bd2 Bc5 20. Rbd1 a4 $15 {0-1
Hansen,C-Akopian,V/Groningen 1991/CBM 27/[Ribli] (47)}) 11... Ne4 (11... Be4
12. Nxe4 Nxe4 13. Bxg7 Kxg7 14. Ne3 a5 15. Nd5 Nf6 16. Nc3 {1/2-1/2 Psakhis,
L-Akopian,V/Elista 1998/CBM 66 ext (26)}) 12. Bxe4 Bxe4 13. Ne3 Nd4 14. Nxe4
Rxe4 15. Qd3 Qe8 16. Rad1 c6 17. Rd2 Qe6 18. Ng2 Nf5 19. f3 Bd4+ 20. Rf2 Bxf2+
21. Kxf2 Re5 22. e4 Ng7 23. Bxe5 dxe5 24. Qd7 Qxd7 25. Rxd7 Rb8 {1/2-1/2
Gelfand,B-Bacrot,E/Albert 2002/CBM 92_01 (45)}) (10. Bd2 Ne5 11. b3 c6 12. Rc1
a5 13. h3 a4 $11) 10... Ne5 {Mit diesem Springerzug bereitet Schwarz 11...c6
vor, aber 10...Nd7 kommt auch in Betracht.} (10... Be6 11. b3 Qd7 12. Bb2 Bh3
13. f3 Bxg2 14. Kxg2 Ne5 15. Nd5 (15. Qd2 $14) 15... Qd8 16. Nxf6+ Bxf6 17. Qe2
Nd7 18. Bxf6 Qxf6 19. Ne3 Qg7 {1/2-1/2 Poldauf,D-Zaitsev,I/Podolsk 1991/CBM 26
ext (35)}) (10... Nd7 $5 11. Qd2 (11. Nd5 Nc5 12. f3 Ne5 13. Nce3 c6 14. Nf4 a5
15. Qc2 b5 16. Rd1 b4 {0-1 Overeem,M-De Vreugt,D/Haarlem 2002/CBM 89 ext (42)})
11... a6 12. b3 Rb8 (12... b5 13. e5 Bb7 14. cxb5 axb5 15. exd6 cxd6 16. Bb2
$14) 13. Bb2 b5 14. Ne3 bxc4 $2 (14... Nc5 $1 15. cxb5 axb5 16. Ncd5 b4 17.
Bxg7 Kxg7 18. Rfd1 Bd7 $13) 15. Nxc4 Bb7 16. Nd5 $1 $16 {1-0 Kortschnoj,
V-Bacrot,E/Linz 1997/CBM 59/[Kortschnoj] (52)}) 11. b3 c6 12. Ba3 $14 {Weiss
hat wegen seiner starken Zentrumstellung fuehlbaren Raumvorteil und der d6P
ist eine potentielle Schwachung. Andererseits muss Weiss vorsichtig sein, weil
Schwarz mit taktischen Drohungen operieren kann.} Nfd7 {[%cal Gd7c5]} 13. Qe2
$1 {Weiss verteidigt sich gegen 13...Nxc4 und lasst die d-Linie fuer den Turm.}
(13. Bxd6 $6 Nxc4 $15) (13. Qd2 Qf6 $15 {[%cal Gg7a1,Ge5f3,Gf3d2,Gf3g1]}) 13...
Nc5 (13... Qa5 14. Bb4 Qc7 15. f4 a5 16. Ba3 Ng4 17. e5 $36) (13... Qf6 14. Bb2
Nc5 15. Rad1 $14) 14. Rad1 {[%cal Gd1d6]} Qc7 15. Qd2 (15. f4 $2 Bg4 $17) 15...
f5 (15... Ned7 $14) 16. f4 $5 Nf7 17. e5 $1 {Dieser Zentrumsdurchbruch bietet
Weiss dauerhafte Initiative.} (17. Bxc5 dxc5 18. e5 Be6 $14) 17... Rd8 (17...
Bf8 18. exd6 Bxd6 19. Qf2 $14) 18. exd6 Rxd6 19. Qe3 Rxd1 20. Qe8+ $1 {Ein
sehr wichtiges Zwischenschach auf der Grundlinie - die Dame paralysiert die
schwarze Stellung.} (20. Rxd1 Ne6) 20... Bf8 21. Rxd1 $16 {[%csl Ge8][%cal
Gd1d8,Ga3f8][%mdl 2048]} Qe7 (21... Qb6 22. Kf1 $1 (22. Kh1 Ne6 23. Re1 Qd8 24.
Rxe6 Bxe6 25. Qxe6 Qd2) 22... Ne6 23. Bd5 $1 cxd5 (23... Qd8 24. Bxc6 $16) 24.
Nxd5 Qd8 25. Ne7+ $18) 22. Re1 Qxe8 23. Rxe8 {[%csl Ge8][%cal Re8a8,Re8g8] Der
e8R dominiert die schwarzen Figuren auf der Grundreihe.} Nd7 (23... Ne6 24. Nd4
Nfd8 25. Bxf8 $18) 24. Nd4 {[%csl Ga3,Gd4,Ge8][%cal Rd4e6,Re6f8] Droht 25.Ne6
und Schwarz kann nichts machen.} Nh6 25. Ne6 Kf7 26. Rxf8+ Kxe6 $2 (26... Nxf8
27. Nxf8 $16) 27. Re8+ (27. Bd5+ $1 cxd5 28. cxd5#) 27... Kf7 (27... Kf6 28.
Nd5+ cxd5 29. Bxd5 {[%cal Ra3b2,Rb2f6]} g5 30. Re6+ Kg7 31. Bb2+ Kf8 32. Rxh6
$18) 28. Re7+ Kg8 29. Nd5 $1 $18 {[%mdl 64] Das Eindringen des Springers
entscheidet die Partie sofort.} Ng4 {Schwarz verteidigt sich gegen 30.Rxd7 und
31.Nf6+.} 30. Nc7 (30. Bb2 $19) 30... Rb8 31. Ne6 {[%cal Ra3d6,Rd6b8]} Ndf6 (
31... Ngf6 32. Rg7+ Kh8 33. Bb2 $18) 32. Bd6 Ra8 33. Nc7 Rb8 34. h3 Nh6 35. Ne8
(35. Nd5 $18) 35... Nxe8 36. Rxe8+ Kf7 37. Re7+ (37. Re7+ Kf6 38. Rxh7 $18) 1-0

[Event "CZE-ch"]
[Site "Karlovy Vary"]
[Date "2004.02.24"]
[Round "8"]
[White "Navara, David"]
[Black "Babula, Vlastimil"]
[Result "1/2-1/2"]
[WhiteElo "2604"]
[BlackElo "2594"]
[Annotator "Ribli,Z"]
[PlyCount "85"]
[EventDate "2004.02.17"]
[EventType "tourn"]
[EventRounds "11"]
[EventCountry "CZE"]
[EventCategory "11"]
[SourceTitle "CBM 100"]
[Source "ChessBase"]
[SourceDate "2004.06.01"]
[SourceVersion "1"]
[SourceVersionDate "2004.06.01"]
[SourceQuality "1"]

1. c4 e5 2. g3 Nc6 3. Bg2 Nf6 {Dieser Zug ist natürlich nicht schlecht, aber
die Alternative 3...g6 ist populärer.} 4. Nc3 Bb4 5. Nd5 Bc5 6. d3 {Das ist
ein sicherer Zug, aber nach meiner Meinung sind die Alternativen 6.a3 und
besonders 6.e3 logischer, damit sich der g1N mit Ne2 und Nc3 entwickeln kann.}
(6. a3) (6. e3) 6... O-O 7. Nf3 (7. Bg5 $2 Bxf2+ 8. Kxf2 (8. Kd2 Ne4+ 9. Bxe4
Qxg5+ $17) 8... Ng4+ 9. Ke1 Qxg5 $17) 7... h6 {Jetzt muss sich Schwarz gegen
die Fesselungsmöglichkeit 8.Bg5 verteidigen.} 8. O-O d6 9. a3 a6 {Mit diesem
Zug macht Schwarz das Schlupfloch auf a7 für seinen Läufer auf.} 10. b4 Ba7 11.
Bb2 Nxd5 (11... Be6 12. Nd2 $14) 12. cxd5 Ne7 13. Nd2 $11 {Wir haben eine
typische Stellung der Englischen Eröffnung vor uns - der d5P bietet Weiß
Raumvorteil und im folgenden kann er die c-Linie besetzen. Andererseits hat
Schwarz keine Schwächen und wenn er sich vom d5-Bauern befreien kann, erhält
er eine ausgeglichene Stellung.} b5 $1 {[%mdl 4] Eine gute Idee - Schwarz
lässt Weiß nicht Nc4 spielen. Im Falle von Rc1 kann Schwarz Bb6 spielen und es
droht die Läuferentwicklung 14...Bb7.} (13... c6 14. dxc6 Nxc6 15. Rc1 d5 16.
Nb3 $14) 14. d4 (14. Bxe5 $2 dxe5 15. d6 Qxd6 $1 (15... Rb8 16. dxe7 Qxe7 17.
Nb3 c5 $15) 16. Bxa8 c6 $19) (14. Rc1 Bb7 15. Qb3 Rc8 $11) 14... Bb7 (14...
Bxd4 $6 15. Bxd4 exd4 16. Nb3 $14 {[%csl Yc6][%cal Gb3d4,Gd4c6]}) (14... exd4
15. Nb3 $14) 15. dxe5 (15. e4 $5 c6 (15... Bxd4 16. Bxd4 exd4 17. Nb3 c6 18.
dxc6 Nxc6 19. Nxd4 $14) 16. Nb3 $14 {[%cal Gb3a5]}) 15... Bxd5 16. Ne4 (16.
Bxd5 Nxd5 17. Nf3 (17. Ne4 $6 dxe5 18. Bxe5 $2 Re8 $19) (17. e4 Nb6 $11 {
[%cal Gb6a4]}) 17... Nb6 18. exd6 Nc4 $11) 16... dxe5 17. Bxe5 f6 {Zuerst
verjagt Schwarz den Läufer von e5 und später kann er f6-f5 ziehen.} 18. Bf4 (
18. Bb2 f5 19. Nc3 Bxg2 20. Kxg2 c5 $15) 18... f5 (18... Bb6 19. Rc1 a5 20. Nc5
Bxg2 21. Kxg2 axb4 22. axb4 g5 23. Be3 (23. Bd2 Ra2 $36) 23... Qd5+ $11) 19.
Nc3 Bxg2 20. Kxg2 Ng6 21. Qd5+ (21. Qxd8 Nxf4+ 22. gxf4 Rfxd8 $15 {[%cal Gc7c5]
}) 21... Kh7 (21... Qxd5+ 22. Nxd5 Nxf4+ 23. gxf4 c5 24. bxc5 Bxc5 25. Nc7 {
[%csl Gc7][%cal Gc7e6,Ge6f8,Ge6c5,Gc7a6,Gc7a8]} Rac8 26. Nxa6 Bd6 27. e3 Rc4
28. Rfd1 Rf6 29. Nb4 $14) 22. Rfd1 Qf6 23. Qf3 (23. Rac1 $6 Nxf4+ 24. gxf4 c5
25. bxc5 Rac8 $36) 23... Nxf4+ 24. gxf4 c6 {Schwarz möchte das d5-Feld
kontrollieren.} (24... c5 $5) 25. Rd7 Rfd8 26. Rad1 Rxd7 (26... Bb6 $11) 27.
Rxd7 Bb6 {[%cal Ga6a5] Der schwarze Plan ist 28...a5, wonach der a8R aktiv ins
Spiel kommt.} 28. Rb7 Bd8 {Der Läufer steht etwa unglücklich auf d8, aber Weiß
kann das nicht ausnutzen.} 29. Nd1 Rc8 (29... a5 30. Rxb5 {[%cal Gf3a8]} Qg6+
31. Kf1 Qd6 32. Ne3 axb4 33. Rxb4 Rxa3 $11) 30. Ne3 c5 31. bxc5 (31. Nd5 $2
Qg6+ 32. Qg3 c4 $17) 31... Qg6+ 32. Qg3 Qc6+ 33. Qf3 Qg6+ 34. Qg3 Rxc5 {
Schwarz ist nicht zufrieden mit der Zugwiederholung.} 35. Qxg6+ Kxg6 36. Rd7 {
[%mdl 4096] Die schwarze Bauernstruktur ist besser und er hat eine gefährliche
Mehrheit am Damenflügel. Aber die Aktivität der weißen Figuren sichert Weiß
den Ausgleich.} Bf6 37. Ra7 (37. Nd5 Bb2 $17) (37. Rd6 a5 38. Nd5 Rc2 39. e3
Ra2 40. Nxf6 gxf6 41. Rd5 $11) 37... Rc6 38. Nd5 Re6 39. e3 Bb2 40. Ne7+ Kf6 (
40... Kh7 $6 41. Nxf5 Rg6+ 42. Kf3 Bxa3 43. h4 $14) 41. Ng8+ Kg6 42. Ne7+ Kf6
43. Nd5+ 1/2-1/2